000 00785nam a2200229 i 4500
001 59821
003 ES-MaACL
005 20230906164114.0
007 t|
008 031031s1953 sp ||||1| spa d
100 1 _aEnnever, W. J.
_947252
245 1 0 _aTriunfe educando su mente /
_cW.J. Ennever ; con la colaboración de T. Sharper Knowlson ; [traducción directa del inglés por Víctor Scholz].
250 _a[1ª ed.].
260 _a[Barcelona] :
_bAymá,
_c[1953] (
_fImp. Juvenil)
300 _a189 p. ;
_c18 cm.
490 1 _aVivir es saber. Saber es vivir ;
_v8
700 1 _aKnowlson, T. Sharper.
_968376
700 1 _aScholz, Víctor.
_9104643
830 0 _aVivir es saber. Saber es vivir ;
_v8
_9182014
852 _aES-MaACL
_jC-6120
_bR.35158
999 _c59821
_d59821